Les steles egyptiennes /
Main Author:
Format: Book
Language:
French
Danish
Published:
Copenhague :
[publisher not identified],
1948.
Series:
Ny Carlsberg glyptotek. Publications ;
1.
NCGP ;
1.
Subjects:
Tags: Add Tag
Call Number: DT59 .C75 v.1
| LEADER | 00932namaa2200289 4500 | ||
|---|---|---|---|
| 001 | 4982 | ||
| 003 | OSt | ||
| 005 | 20260517061015.0 | ||
| 008 | 130303s1948 dk f 000 0 fre d | ||
| 010 | |a 50039768 | ||
| 035 | |a ocm05916044 | ||
| 040 | |c ARCE Library | ||
| 041 | 1 | |a fre |h dan | |
| 050 | 4 | |a DT59 .C75 v.1 | |
| 100 | 1 | |a Koefoed-Petersen, Otto, |e author |9 34073 | |
| 245 | 1 | 4 | |a Les steles egyptiennes / |c Otto Koefoed-Petersen ; [Traduction du manuscrit danois par France Gleizal en collaboration avec l'auteur]. |
| 264 | 1 | |a Copenhague : |b [publisher not identified], |c 1948. | |
| 300 | |a xliii, 78 pages : |b 106 plates ; |c 24 cm. | ||
| 490 | 1 | |a Ny Carlsberg glyptotek. Publications ; |v 1. | |
| 490 | 1 | |a NCGP ; |v 1. | |
| 650 | 0 | |a Stele (Archaeology) | |
| 650 | 0 | |a Inscriptions, Egyptian. | |
| 830 | 0 | |a Ny Carlsberg glyptotek. Publications ; |v 1. | |
| 830 | 0 | |a NCGP ; |v 1. | |
| 901 | |a reviewed | ||
| 942 | |c BK |2 lcc | ||
| 999 | |c 5372 |d 5372 | ||
